01626nam a22002777a 45000010005000000030006000050050017000110080041000280200018000690400029000870820008001161000020001242450104001442600037002483000024002855050008003095200570003175210018008875210020009056500018009259420015009439990015009589520131009739520117011049520127012213250FISKH20260120120729.0240222b cb ||||| |||| 00| 0 eng d a9780545344777 aFISKHbengcFISKHdFISKH a416 aRyder, Charles  aSitting down for Dr. King : bA one-act play /cby Charles Ryder ; Based on the play by Mack Lewis  aNew York : bScholastic, c2011. a32 pages : c21 cm  aNP  aSitting down for Dr. King was inspired by the true story of the lunch counter sit-ins of 1960. The sit-ins started on February 1, 1960, when four African American college students, inspired by Dr. King's peaceful protests, walked into a Woolworth's department store in Greensboro, North Carolina, and sat at the lunch counter. Only four days after the sit in began, 300 students participated in the peaceful protest. The sit-ins sparked protests throughout the Southern states. Today, the Greensboro sit-ins are remembered as an important event in American history.8 a80 bLexile 8 aNP bRaz-Plus  aConversation  2ddccBKn0 c3250d3250 00102ddc40708NFICa001b001cTK Green 7-57-60d2024-02-22l0oRYD 416 pFISTK04842r2024-02-22 09:08:01t1w2024-02-22yBK 00102ddc40708NFICa001b001cTTPd2024-05-21l0oRYD 416 p2024-0662r2024-05-21 13:39:48t2w2024-05-21yBK 00102ddc40708NFICa002b002cTTP Dark Greend2026-01-20l0oRYD 416 pFIS05532r2026-01-20 12:07:27t3w2026-01-20yBK